| 000 | 00604nam a22001695i 4500 | ||
|---|---|---|---|
| 001 | 152719 | ||
| 003 | ES-MaACL | ||
| 005 | 20230911063143.0 | ||
| 008 | 980730s1839 sp |||| | spa d | ||
| 040 |
_aCYL _bspa _cCYL |
||
| 100 | 1 |
_aBretón de los Herreros, Manuel, _d1796-1873 _931637 |
|
| 245 | 1 | 3 |
_aUn tercero en discordia _b: comedia original y en verso / _cde Manuel Breton de los Herreros. |
| 260 |
_aMadrid : _b[s.n.], _c1839 ( _fimprenta de Yenes) |
||
| 300 |
_a96 p. ; _c20 cm. |
||
| 852 |
_aES-MaACL _jF-8823(1) _z-- Enc. hol., falto de la cub. original |
||
| 999 |
_c152719 _d152719 |
||